000
00313nam a2200133Ia 4500
008
191201s2013 xx 000 0 und d
082
_a
624.1834
_b
SAC
100
_a
SANTHAKUMAR,AR
245
0
_a
Concrete technology
260
_a
N. delhi
_b
Oxford
_c
2013
300
_a
771
650
_a
B.Tech(CE)
942
_2
ddc
_c
BK
999
_c
5688
_d
5688